Importancia de la sistemática vegetal en interacción Rubus y hongos fitopatógenos en Hidalgo y Puebla, México / (Record no. 220835)
[ view plain ]
| 000 -CABECERA | |
|---|---|
| campo de control de longitud fija | 02456nam a2200337 a 4500 |
| 003 - IDENTIFICADOR DEL NÚMERO DE CONTROL | |
| campo de control | OSt |
| 005 - FECHA Y HORA DE LA ÚLTIMA TRANSACCIÓN | |
| campo de control | 20250828103134.0 |
| 007 - CAMPO FIJO DE DESCRIPCIÓN FÍSICA--INFORMACIÓN GENERAL | |
| campo de control de longitud fija | cr ||||||a|a|a |
| 008 - DATOS DE LONGITUD FIJA--INFORMACIÓN GENERAL | |
| campo de control de longitud fija | 250819s2025 mx a|||fom||| 001 0 spa d |
| 040 ## - FUENTE DE LA CATALOGACIÓN | |
| Normas de descripción | rda |
| 100 1# - ENTRADA PRINCIPAL--NOMBRE DE PERSONA | |
| Nombre de persona | Nuñez Rodríguez, Estefanía Yamileth |
| 9 (RLIN) | 190934 |
| 245 10 - MENCIÓN DE TÍTULO | |
| Título | Importancia de la sistemática vegetal en interacción Rubus y hongos fitopatógenos en Hidalgo y Puebla, México / |
| Mención de responsabilidad, etc. | por Estefanía Yamileth; director de tesis Roney Solano Vidal; secretario Antonio Cortés Jiménez; vocal María de Jesús Yañez Rodríguez; suplente Luis Emilio Castillo Márquez; suplente Calixto Leopoldo Carrillo Fonseca. |
| 264 #1 - PRODUCCIÓN, PUBLICACIÓN, DISTRIBUCIÓN, FABRICACIÓN Y COPYRIGHT | |
| Producción, publicación, distribución, fabricación y copyright | Chapingo, México : |
| Nombre del de productor, editor, distribuidor, fabricante | El autor, |
| Fecha de producción, publicación, distribución, fabricación o copyright | 2025. |
| 300 ## - DESCRIPCIÓN FÍSICA | |
| Extensión | 1 recurso en línea (59 páginas): |
| Otras características físicas | cuadros, figuras. |
| 336 ## - TIPO DE CONTENIDO | |
| Fuente | rdacontent |
| Término de tipo de contenido | texto |
| Código de tipo de contenido | txt |
| 337 ## - TIPO DE MEDIO | |
| Fuente | rdamedia |
| Nombre/término del tipo de medio | computadora |
| Código del tipo de medio | c |
| 338 ## - TIPO DE SOPORTE | |
| Fuente | rdacarrier |
| Nombre/término del tipo de soporte | recurso en línea |
| Código del tipo de soporte | cr |
| 502 ## - NOTA DE TESIS | |
| Tipo de título | Ingeniero Agrónomo Especialista en Parasitología Agrícola |
| Nombre de la institución que otorga el título | Departamento de Enseñanza, Investigación y Servicio en Parasitología Agrícola, |
| Año de obtención del título | 2025. |
| Información miscelánea | Licenciatura |
| 504 ## - NOTA DE BIBLIOGRAFÍA, ETC. | |
| Nota de bibliografía, etc. | Incluye referencias bibliográficas: páginas 50-52. |
| 520 ## - SUMARIO, ETC. | |
| Sumario, etc. | Para la identificación de especies de zarzamora silvestre en los meses de abril-mayo de 2024, se hicieron colectas en la Cabaña, Tejocotal y La Bóveda, todos del municipio de Acaxochitlán. Hidalgo. En el municipio de Huauchinango, Puebla se muestreó en el puente Totolapa y Venta Grande y en Chiconcuatla, Puebla en la localidad de Mimitla, en total se obtuvieron 12 muestras. El material fue prensado en campo y la identificación se realizó en el Herbario-Hortorio JES del Departamento de la Preparatoria Agrícola de la Universidad Autónoma Chapingo. Utilizando las claves específicas para la familia rosácea de diferentes autores, las especies identificadas fueron: Rubus pringlei, R. glaucus, R. eriocarpus, R. avaro, R. fagifolius, R. adenotrichos y R. vulcanicola. |
| 650 #4 - PUNTO DE ACCESO ADICIONAL DE MATERIA--TÉRMINO DE MATERIA | |
| Término de materia o nombre geográfico como elemento de entrada | Hongos fitopatógenos |
| Subdivisión general | Identificación |
| 9 (RLIN) | 131720 |
| 650 #4 - PUNTO DE ACCESO ADICIONAL DE MATERIA--TÉRMINO DE MATERIA | |
| Término de materia o nombre geográfico como elemento de entrada | Zarzamora |
| Subdivisión general | Identificación |
| 9 (RLIN) | 191143 |
| 650 #4 - PUNTO DE ACCESO ADICIONAL DE MATERIA--TÉRMINO DE MATERIA | |
| Término de materia o nombre geográfico como elemento de entrada | Zarzamora |
| Subdivisión general | Enfermedades por hongos |
| 9 (RLIN) | 123735 |
| 700 1# - PUNTO DE ACCESO ADICIONAL--NOMBRE DE PERSONA | |
| Nombre de persona | Solano Vidal, Roney |
| 9 (RLIN) | 189248 |
| Término indicativo de función/relación | director. |
| 700 1# - PUNTO DE ACCESO ADICIONAL--NOMBRE DE PERSONA | |
| Nombre de persona | Cortés Jiménez, Antonio |
| 9 (RLIN) | 188854 |
| Término indicativo de función/relación | secretario. |
| 700 1# - PUNTO DE ACCESO ADICIONAL--NOMBRE DE PERSONA | |
| Nombre de persona | Yáñez Morales, María de Jesús |
| 9 (RLIN) | 123131 |
| Término indicativo de función/relación | vocal. |
| 700 1# - PUNTO DE ACCESO ADICIONAL--NOMBRE DE PERSONA | |
| Nombre de persona | Castillo Márquez, Luis Emilio |
| 9 (RLIN) | 20176 |
| Término indicativo de función/relación | suplente. |
| 700 1# - PUNTO DE ACCESO ADICIONAL--NOMBRE DE PERSONA | |
| Nombre de persona | Carrillo Fonseca, Calixto Leopoldo |
| 9 (RLIN) | 19482 |
| Término indicativo de función/relación | suplente. |
| 856 ## - LOCALIZACIÓN Y ACCESO ELECTRÓNICOS | |
| Nota pública | DESCARGAR PDF |
| Identificador Uniforme del Recurso | http://10.13.5.2/tesis/tl/1911736-4_NUNEZ_RODRIGUEZ_ESTEFANIAYAMILETH.pdf |
| 942 ## - ELEMENTOS DE PUNTO DE ACCESO ADICIONAL (KOHA) | |
| Fuente del sistema de clasificación o colocación | Clasificación Universidad Autónoma Chapingo |
| Tipo de ítem Koha | Tesis digital |
| Estado de retiro | Estado de pérdida | Fuente del sistema de clasificación o colocación | Estado dañado | Restricciones de uso | No para préstamo | Código de colección | Localización permanente | Ubicación/localización actual | Ubicación en estantería | Fecha de adquisición | Total de préstamos | Signatura topográfica completa | Fecha visto por última vez | Precio válido a partir de | Tipo de ítem Koha |
|---|---|---|---|---|---|---|---|---|---|---|---|---|---|---|---|
| Clasificación Universidad Autónoma de Chapingo | Préstamo interno | Tesis digitales de Licenciatura | Biblioteca Digital | Biblioteca Digital | En línea | 19/08/2025 | Tesis digital | 19/08/2025 | 19/08/2025 | Tesis digital |
